Pedagogische Scriften.. I Der Mutter Schul II Didaktische ührenlese Heransgegeben / (Record no. 46389)

MARC details
000 -LEADER
campo de control de longitud fija 00522nam a2200157 i 4500
001 - NÚMERO DE CONTROL
campo de control 46389
003 - IDENTIFICADOR DE NÚMERO DE CONTROL
campo de control ES-MaACL
007 - CAMPO FIJO DE DESCRIPCIÓN FÍSICA--INFORMACIÓN GENERAL
campo de control de longitud fija t|
008 - DATOS DE LONGITUD FIJA--INFORMACIÓN GENERAL
campo de control de longitud fija 030328q19071899gw ||||1| ger d
100 1# - ENTRADA PRINCIPAL--NOMBRE DE PERSONA
Nombre de persona Comenius, Johann Amos (
Fechas asociadas al nombre 1592-1670)
9 (RLIN) 39993
245 10 - MENCIÓN DEL TÍTULO
Título Pedagogische Scriften.. I Der Mutter Schul II Didaktische ührenlese Heransgegeben /
Mención de responsabilidad, etc. G. Amos Comenius ; von C. Th. Lion.
260 ## - PUBLICACIÓN, DISTRIBUCIÓN, ETC.
Lugar de publicación, distribución, etc. Langensalza :
Nombre del editor, distribuidor, etc. Hermann Beyer,
Fecha de publicación, distribución, etc. 1907.
300 ## - DESCRIPCIÓN FÍSICA
Extensión X, 106 p. ;
Dimensiones 22 cm.
700 1# - ENTRADA AGREGADA--NOMBRE PERSONAL
Nombre de persona Lion, C. Th.
9 (RLIN) 72486
852 ## - LOCALIZACIÓN
Ubicación ES-MaACL
Número de control de estantería G-15187
Holdings
Estatus retirado Estado de pérdida Estado de daño No para préstamo Biblioteca de origen Biblioteca actual Ubicación en estantería Fecha de adquisición Fuente de adquisición Total de préstamos Signatura topográfica completa Código de barras Visto por última vez Precio de reemplazo Tipo de ítem Koha
        Biblioteca del Ateneo de Madrid Biblioteca del Ateneo de Madrid Sala Pecera Planta 3 17/01/2008     G-15187 1048789 23/02/2023 23/02/2023 Libro impreso